00685nam a2200253 a 4500001001300000003000900013005001700022008004100039020001100080082001500091100001700106245003700123260003200160300000900192500003500201505002000236650001100256650002000267700001700287902000800304942000700312952009700319999001500416nice12345678IN_TiNIC20260116013139.0050524s1983 lona grp 000 0 eng  ac115500a297.4bIQB aIqbal, Afzal aLife and Work of Jalaluddin Rumi aLondonbOctagon Pressc1983 a330p aincludes index and biblioraphy2 aGlossary, Index aSufism aJalaluddin Rumi1 aIqbal, Afzal bSRS cBK 00104070aHMIbHMId2009-03-13g1155.00l0o297.4 IQBp017373r2009-03-13w2026-01-16yEB c9858d9858